The roads to Sata : A 2000-mile walk through Japan

محفوظ في:
التفاصيل البيبلوغرافية
المؤلف الرئيسي: Booth, Alan
التنسيق: كتاب
اللغة:Undetermined
منشور في: New York Weatherhill 1985
الموضوعات:
الوسوم: إضافة وسم
لا توجد وسوم, كن أول من يضع وسما على هذه التسجيلة!
Thư viện lưu trữ: Trung tâm Học liệu Trường Đại học Cần Thơ
LEADER 00513nam a2200205Ia 4500
001 CTU_112049
008 210402s9999 xx 000 0 und d
082 |a 915.2 
082 |b B725 
100 |a Booth, Alan 
245 4 |a The roads to Sata : 
245 2 |b A 2000-mile walk through Japan 
245 0 |c Alan Booth 
260 |a New York 
260 |b Weatherhill 
260 |c 1985 
650 |a Booth, Alan 
650 |y 1946- 
904 |i M.Loan 
980 |a Trung tâm Học liệu Trường Đại học Cần Thơ